| 000 | 00408nam a2200145Ia 4500 | ||
|---|---|---|---|
| 008 | 151213s9999 xx 000 0 und d | ||
| 100 | _aRaymond Cowell | ||
| 245 |
_aCritics On Words Worth Reading in Literary Criticize _cRaymond Cowell |
||
| 260 |
_aNew Delhi _bCliffs Notes _c1973 |
||
| 300 | _a3556 p. | ||
| 650 | _aEnglish Literature | ||
| 650 | _aLiterature | ||
| 700 | _aRaymond Cowell | ||
| 999 |
_c2359 _d2359 |
||